Smallest countries by area that have qualified for the World Cup - Statistics

General Stats
  • This quiz has been taken 15 times
  • The average score is 9 of 15
Answer Stats
How many times Area (km) Answer % Correct
2 27,750 Haiti
77%
14 30,528 Belgium
69%
13 41,285 Switzerland
69%
1 4,033 Cape Verde
62%
1 444 Curacao
62%
6 42,933 Denmark
62%
1 21,041 El Salvador
62%
12 41,543 Netherlands
62%
2 20,273 Slovenia
62%
2 22,072 Israel
54%
2 11,586 Qatar
54%
1 49,035 Slovakia
54%
1 5,130 Trinidad and Tobago
54%
3 14,130 Northern Ireland
46%
1 17,818 Kuwait
23%
No matching quizzes found
Score Distribution
Percent of People with Each Score
Percentile by Number Answered
Your Score History
You have not taken this quiz